Planificación a largo plazo y crecimiento de la empresa (Registro nro. 2326)

Detalles MARC
000 -LEADER
fixed length control field 01355 a2200205 4500
001 - CONTROL NUMBER
control field 33046
005 - DATE AND TIME OF LATEST TRANSACTION
control field 20260407155625.0
008 - FIXED-LENGTH DATA ELEMENTS--GENERAL INFORMATION
fixed length control field 260407a1969 arg spa d
003 - CONTROL NUMBER IDENTIFIER
control field AR-UNSa-BCEJYS
040 ## - CATALOGING SOURCE
Original cataloging agency AR-UNSa-BCEJYS
Language of cataloging spa
Transcribing agency AR-UNSa-BCEJYS
080 ## - UNIVERSAL DECIMAL CLASSIFICATION NUMBER
Universal Decimal Classification number 658.012.2
Common auxiliary subdivision Planificación. Programas. Planes. Medidas de apoyo a la planificación( Administración estratégica...)
100 1# - MAIN ENTRY--PERSONAL NAME
Personal name Payne, Bruce
245 10 - TITLE STATEMENT
Title Planificación a largo plazo y crecimiento de la empresa
Name of part/section of a work la guía del ejecutivo para una planificación eficaz
264 #1 - PRODUCTION, PUBLICATION, DISTRIBUTION, MANUFACTURE, AND COPYRIGHT NOTICE
Place of production, publication, distribution, manufacture Bilbao :
Name of producer, publisher, distributor, manufacturer Ediciones Deusto
Date of production, publication, distribution, manufacture, or copyright notice 1969
300 ## - PHYSICAL DESCRIPTION
Extent 242 p.
Dimensions 21 cm.
505 ## - FORMATTED CONTENTS NOTE
Formatted contents note 1. La necesidad de una planificación a largo plazo - 2. Organización de la planificación a largo plazo - 3. Establecer objetivos generales a largo plazo - 4. Objetivos a corto plazo como parte de un plan a largo plazo - 5. El plan de marketing - 6. Planificación de nuevos productos - 7. Planificación de la investigación y desarrollo - 8. Planificación a largo plazo de la fabricación - 9. Organización del equipo directivo para la expansión de la empresa - 10. Planificación financiera - 11. Planificación internacional - 12. Cómo hacer que la planificación a largo plazo se convierta en una operación práctica.
590 ## - LOCAL NOTE (RLIN)
Local note niveau_biblio:m niveau_hierar:0
700 1# - ADDED ENTRY--PERSONAL NAME
Personal name Gortazar Azaola, Isabel
942 ## - ADDED ENTRY ELEMENTS (KOHA)
Koha item type
Existencias
Withdrawn status Lost status Damaged status Not for loan Home library Current library Shelving location Date acquired Total checkouts Full call number Barcode Date last seen Price effective from Koha item type
        Biblioteca Prof. Eusebio Cleto del Rey Biblioteca Prof. Eusebio Cleto del Rey   07/04/2026   658.012.2 P346 L23251 07/04/2026 07/04/2026 Libro
        Biblioteca Prof. Eusebio Cleto del Rey Biblioteca Prof. Eusebio Cleto del Rey   07/04/2026   658.012.2 P346 L23250 07/04/2026 07/04/2026 Libro